| 000 | 00351nam a22001337a 4500 | ||
|---|---|---|---|
| 020 | _qHB. | ||
| 040 | _cFIZZA ISHAQ | ||
| 082 |
_a005.1 _bJEF |
||
| 100 |
_aCONNELL,PLE J.JEFFREY. _991691 |
||
| 245 |
_aANALYSIS COMPUTING TECHNOLOGIES / _cJEFFREY J.PLE CONNELL. |
||
| 260 |
_aJONES BARTLETT PUBLISHER ; _c2008. |
||
| 300 | _a449 P. ; | ||
| 942 |
_2ddc _cBK |
||
| 999 |
_c589849 _d589849 |
||